000 00671nam a22002297a 4500
999 _c381875
_d381875
001 95625
003 UA-OsUOA
005 20200212134954.0
007 ta
008 20130305b un ||||| |||| 00| 0 ukr d
040 _aUA-OsUOA
_brus
_cUA-OsUOA
_dUA-OsUOA
041 _arus
080 _a821.161.1
090 _a821.161.1
_bК29
100 _aКатаев В. П.
245 _aИзбранное произведения в трех томах: проза прежних лет
_n3
260 _aК.
_bХудож. лит.
_c1978
300 _a605 с.
650 7 _a82 Література. Літературознавство
_2UDC
942 _cBK
_2udc
955 _a3